Các dạng toán cơ bản ở trung học phổ thông và phương pháp giải : Dành cho học sinh trung học phổ thông, giáo viên toán trung học phổ thông, bạn trẻ yêu toán

Nội dung tài liệu bao gồm 9 chủ đề liên quan đến toán đại số của chương trình phổ thông trung học.

সংরক্ষণ করুন:
গ্রন্থ-পঞ্জীর বিবরন
প্রধান লেখক: Vũ, Dương Thụy
বিন্যাস: গ্রন্থ
ভাষা:Undetermined
প্রকাশিত: Hà Nội Giáo dục Việt Nam 2012
বিষয়গুলি:
ট্যাগগুলো: ট্যাগ যুক্ত করুন
কোনো ট্যাগ নেই, প্রথমজন হিসাবে ট্যাগ করুন!
Thư viện lưu trữ: Trung tâm Học liệu Trường Đại học Cần Thơ
LEADER 01002nam a2200229Ia 4500
001 CTU_191205
008 210402s9999 xx 000 0 und d
020 |c 45000 
082 |a 512.00712 
082 |b Th523 
100 |a Vũ, Dương Thụy 
245 0 |a Các dạng toán cơ bản ở trung học phổ thông và phương pháp giải : 
245 0 |b Dành cho học sinh trung học phổ thông, giáo viên toán trung học phổ thông, bạn trẻ yêu toán 
245 0 |c Vũ Dương Thụy chủ biên 
260 |a Hà Nội 
260 |b Giáo dục Việt Nam 
260 |c 2012 
520 |a Nội dung tài liệu bao gồm 9 chủ đề liên quan đến toán đại số của chương trình phổ thông trung học. 
650 |a Algebra,Đại số 
650 |x Study and teaching (secondary),Dạy và học (Trung học) 
904 |i Bằng 
980 |a Trung tâm Học liệu Trường Đại học Cần Thơ